|
|
|
|
| LEADER |
00755nam a22002057a 4500 |
| 003 |
OSt |
| 020 |
|
|
|a 8185315531
|
| 082 |
|
|
|a 813.1
|b DUR/VE
|
| 100 |
|
|
|a Durgaprasad Khathri
|
| 245 |
|
|
|a വെളുത്ത ചെകുത്താൻ മൂന്നാം ഭാഗം:
|b ശാസ്ത്രീയാപസർപ്പകനോവൽ
|
| 260 |
|
|
|a Alappuzha
|b Vidyarambham Publishers
|c 2015
|
| 300 |
|
|
|a 223p
|
| 500 |
|
|
|a velutha chekuthan
|
| 546 |
|
|
|a Malayalam
|
| 650 |
|
|
|a Novel
|
| 650 |
|
|
|a Detective novel
|
| 700 |
|
|
|a Mohan D Kangazha, Tr.
|
| 942 |
|
|
|2 ddc
|c BK
|
| 999 |
|
|
|c 155742
|d 155742
|
| 952 |
|
|
|0 0
|1 0
|2 ddc
|4 0
|6 813_100000000000000_DURVE
|7 0
|8 Gen
|9 154776
|a KAUCLV
|b KAUCLV
|c GENERAL
|d 2017-06-13
|g 500.00
|o 813.1 DUR/VE
|p 227521
|r 2017-06-13
|w 2017-06-13
|y BK
|